000 00334nam a2200157Ia 4500
003 0STCL
008 150530s9999 xx 000 0 und d
040 _aSTCL
_cSTCL
100 _aPokorny, J.
245 _aFlowering shrubs
260 _c1975
546 _aEnglish
942 _2ddc
_cBK
999 _c36683
_d36683
005 20220125170407.0